Návrh a vývoj webovej aplikácie pre karate klub diplomová práca

Saved in:
Bibliographic Details
Main Author: Suchánková, Ingrida
Corporate Author: Fakulta hospodárskej informatiky EU. Katedra aplikovanej informatiky
Other Authors: Kultan, Jaroslav, 1960-
Format: Book
Language:Slovak
Published: Bratislava 2017
Tags: Add Tag
No Tags, Be the first to tag this record!

MARC

LEADER 00000nbm a2200000 4500
001 0232916
005 20180413101329.2
041 0 |a slo 
044 |a SK 
245 1 0 |a Návrh a vývoj webovej aplikácie pre karate klub  |b diplomová práca  |c Ingrida Suchánková ; školiteľ: Jaroslav Kultan 
264 1 |a Bratislava  |c 2017 
300 |a 64 s. 
100 1 |a Suchánková, Ingrida 
700 1 |a Kultan, Jaroslav, 1960- 
710 2 |a Fakulta hospodárskej informatiky EU. Katedra aplikovanej informatiky